| 000 | 00414 a2200157 4500 | ||
|---|---|---|---|
| 005 | 20241125143503.0 | ||
| 008 | 241022b |||||||| |||| 00| 0 eng d | ||
| 020 | _a9798885699334 | ||
| 080 |
_a820.09 _bKAN/T |
||
| 100 | _aKanika Priya, M. | ||
| 245 | _aTranslation and other research | ||
| 260 |
_bThe writing ethics _aBhopal _c2021 |
||
| 300 | _a139p. | ||
| 653 | _aStudy - English Literature | ||
| 942 | _cBK | ||
| 999 |
_c113187 _d113186 |
||